| 000 | 00512nam a2200181Ia 4500 | ||
|---|---|---|---|
| 008 | 240925s9999 xx 000 0 und d | ||
| 020 | _a9780470129876 | ||
| 082 | _a621.31 BLU | ||
| 100 | _aBlume ,Steven W. | ||
| 245 | 0 | _aElectric Power System Basics: for the nonelectrical professional | |
| 250 | _aNA | ||
| 260 |
_aNew Jersey: _bJohn wiley & Sons _c,2007. |
||
| 300 |
_axviii,678p. _bN.A _fPirated |
||
| 500 | _aIncludes Index | ||
| 600 | _aElectrical Engineering | ||
| 650 | _aTechnology | ||
| 942 | _cBK | ||
| 999 |
_c11318 _d11318 |
||